Galician Anthem - Os Pinos - Statistics

General Stats
  • This quiz has been taken 135 times
  • The average score is 81 of 120
Answer Stats
Answer % Correct
ó
100%
o
100%
os
99%
Os
99%
Que
99%
que
99%
a
97%
din
97%
co
96%
na
96%
as
95%
costa
95%
rumorosos
95%
do
94%
Do
94%
altas
92%
de
92%
e
92%
raio
92%
transparente
92%
copas
91%
prácido
91%
luar?
90%
escuro
87%
arume
86%
Breogán!
86%
compasado
86%
arpado
85%
ben
85%
seu
85%
Fogar
81%
fungar?
78%
monótono
78%
verdes
78%
verdecente,
72%
non
68%
non.
68%
dos
67%
teu
67%
castros
66%
chan,
66%
da
66%
valeroso
65%
verdor
63%
astros,
62%
des
62%
62%
cinguido
61%
con
61%
benignos
59%
nos
59%
esquecemento
58%
son,
58%
son
58%
confín
56%
entenden
53%
entenden,
53%
Desperta
52%
imbéciles
52%
escuros
51%
sono,
51%
fin
49%
inxuria
48%
nosa
47%
rudo
46%
bos
44%
encono.
44%
voz
43%
xenerosos
43%
iñorantes
42%
atenden
41%
noso
41%
arroubo
39%
tempos
39%
chegados
38%
féridos
38%
máis
38%
duros,
37%
Nazón
37%
das
34%
bardos
33%
edades
33%
ronco
33%
vaguedades
28%
vosas
28%
cumprido
27%
terán;
27%
quer,
23%
xigante
22%
boa
20%
pregoa
20%
redenzón
20%
pois,
19%
donde
14%
No matching quizzes found
Score Distribution
Percent of People with Each Score
Percentile by Number Answered
Your Score History
You have not taken this quiz